header

Supporting the development of R&D and the innovation potential of post-socialist countries (Record no. 208765)

MARC details
000 -LEADER
fixed length control field 01446nam a2200325Ia 4500
082 04 - DEWEY DECIMAL CLASSIFICATION NUMBER
Classification number 338.947
245 00 - TITLE STATEMENT
Title Supporting the development of R&D and the innovation potential of post-socialist countries
260 ## - PUBLICATION, DISTRIBUTION, ETC. (IMPRINT)
Place of publication Amsterdam ;
-- Oxford :
Name of publisher IOS Press,
Year of publication c2004.
300 ## - PHYSICAL DESCRIPTION
Number of Pages viii, 175 p. :
Other physical details ill., maps.
490 1# - SERIES STATEMENT
Series statement NATO science series. Series V, Science and technology policy ;
650 #0 - SUBJECT ADDED ENTRY--TOPICAL TERM
Topical Term Research, Industrial
Topical Term Technological innovations
700 1# - ADDED ENTRY--PERSONAL NAME
Personal name Leal Filho, Walter.
856 40 - ELECTRONIC LOCATION AND ACCESS
Uniform Resource Identifier http://site.ebrary.com/lib/rucke/Doc?id=10116497

No items available.

© 2026 Rongo University
Contact us: librarian | system librarian | Rongo university